Fast Typing "gh" - 45 Seconds - Statistics

General Stats
  • This quiz has been taken 179 times
  • The average score is 250 of 500
Answer Stats
# % Correct
g
100%
h
100%
g
99%
g
99%
g
99%
h
99%
h
99%
h
99%
g
98%
h
96%
g
95%
g
95%
h
95%
g
94%
g
94%
h
94%
h
94%
g
93%
g
93%
h
93%
h
93%
h
93%
g
91%
g
90%
g
90%
g
90%
g
90%
h
90%
h
90%
h
90%
h
90%
g
89%
g
89%
g
89%
g
89%
g
89%
g
89%
g
89%
g
89%
g
89%
h
89%
h
89%
h
89%
h
89%
h
89%
h
89%
h
89%
h
89%
h
89%
g
88%
g
88%
g
88%
g
88%
g
88%
g
88%
g
88%
g
88%
g
88%
g
88%
h
88%
h
88%
h
88%
h
88%
h
88%
h
88%
h
88%
h
88%
h
88%
h
88%
h
88%
g
86%
g
86%
g
86%
g
86%
g
86%
g
86%
g
86%
g
86%
g
86%
g
86%
g
86%
g
86%
g
86%
g
86%
h
86%
h
86%
h
86%
h
86%
h
86%
h
86%
h
86%
h
86%
h
86%
h
86%
h
86%
h
86%
h
86%
h
86%
g
85%
g
85%
h
85%
h
85%
g
84%
g
84%
g
84%
g
84%
g
84%
g
84%
g
84%
h
84%
h
84%
h
84%
h
84%
h
84%
h
84%
g
83%
g
83%
g
83%
g
83%
h
83%
h
83%
h
83%
h
83%
h
83%
g
81%
g
80%
g
80%
g
80%
g
80%
g
80%
g
80%
g
80%
g
80%
g
80%
h
80%
h
80%
h
80%
h
80%
h
80%
h
80%
h
80%
h
80%
h
80%
g
79%
g
79%
g
79%
g
79%
g
79%
h
79%
h
79%
h
79%
h
79%
h
79%
h
79%
g
76%
g
76%
g
76%
h
76%
h
76%
g
75%
g
75%
g
75%
g
75%
g
75%
g
75%
h
75%
h
75%
h
75%
h
75%
h
75%
h
75%
g
74%
g
74%
g
74%
g
74%
h
74%
h
74%
h
74%
h
74%
g
71%
h
71%
h
71%
g
70%
g
70%
g
70%
g
70%
g
70%
g
70%
g
70%
g
70%
g
70%
g
70%
h
70%
h
70%
h
70%
h
70%
h
70%
h
70%
h
70%
h
70%
h
70%
h
70%
g
69%
g
69%
g
69%
g
69%
h
69%
h
69%
h
69%
g
68%
g
68%
g
68%
g
68%
h
68%
h
68%
h
68%
h
68%
g
66%
h
66%
h
66%
g
64%
h
64%
g
63%
g
63%
g
63%
g
63%
h
63%
h
63%
h
63%
h
63%
g
59%
g
59%
h
59%
h
59%
g
58%
g
58%
g
58%
g
58%
g
58%
g
58%
h
58%
h
58%
h
58%
h
58%
h
58%
h
58%
g
56%
g
55%
g
55%
h
55%
h
55%
h
55%
g
54%
h
54%
g
53%
g
51%
h
51%
h
50%
g
48%
g
48%
g
48%
g
48%
g
48%
g
48%
g
48%
g
48%
g
48%
g
48%
h
48%
h
48%
h
48%
h
48%
h
48%
h
48%
h
48%
h
48%
h
48%
h
48%
g
46%
h
46%
g
45%
g
45%
g
45%
g
45%
h
45%
h
45%
h
45%
h
45%
g
44%
g
43%
h
43%
h
43%
g
40%
h
39%
g
38%
g
38%
g
38%
g
38%
g
38%
h
38%
h
38%
h
38%
h
38%
g
35%
h
35%
g
34%
g
34%
g
34%
g
34%
g
34%
g
34%
g
34%
g
34%
g
34%
h
34%
h
34%
h
34%
h
34%
h
34%
h
34%
h
34%
h
34%
h
34%
g
33%
h
33%
h
33%
g
31%
g
31%
g
31%
h
31%
h
31%
h
31%
g
30%
g
30%
h
30%
g
29%
g
29%
g
29%
g
29%
h
29%
h
29%
h
29%
h
29%
g
28%
g
28%
g
28%
g
28%
g
28%
h
28%
h
28%
h
28%
h
28%
h
28%
h
28%
g
26%
h
26%
g
25%
g
25%
h
25%
g
24%
g
24%
g
24%
h
24%
h
24%
h
24%
h
24%
g
23%
g
23%
g
23%
h
23%
h
23%
h
23%
g
21%
g
21%
g
21%
h
21%
h
21%
h
19%
g
18%
g
18%
h
18%
g
16%
g
16%
g
16%
h
16%
h
16%
h
16%
h
16%
g
15%
h
15%
g
13%
g
13%
g
13%
h
13%
h
13%
g
11%
g
11%
h
11%
h
11%
h
11%
g
10%
g
10%
g
10%
h
10%
h
10%
h
9%
g
8%
g
8%
h
8%
h
6%
g
5%
g
5%
g
5%
g
5%
g
5%
h
5%
h
5%
h
5%
h
5%
h
5%
g
4%
g
4%
h
4%
h
4%
g
3%
g
3%
g
3%
g
3%
g
3%
g
3%
g
3%
g
3%
g
3%
g
3%
g
3%
g
3%
g
3%
g
3%
g
3%
g
3%
g
3%
g
3%
g
3%
g
3%
g
3%
g
3%
g
3%
g
3%
g
3%
g
3%
g
3%
g
3%
g
3%
g
3%
g
3%
g
3%
g
3%
g
3%
h
3%
h
3%
h
3%
h
3%
h
3%
h
3%
h
3%
h
3%
h
3%
h
3%
h
3%
h
3%
h
3%
h
3%
h
3%
h
3%
h
3%
h
3%
h
3%
h
3%
h
3%
h
3%
h
3%
h
3%
h
3%
h
3%
h
3%
h
3%
h
3%
h
3%
h
3%
h
3%
h
3%
g
1%
g
1%
g
1%
g
1%
h
1%
h
1%
h
1%
h
1%
h
1%
No matching quizzes found
Score Distribution
Percent of People with Each Score
Percentile by Number Answered
Your Score History
You have not taken this quiz